00423nam a2200097Ia 4500008004100000020001800041245017900059260002000238650002600258856004100284171212s9999 xx 000 0 und d a9781910634202 ceditor Castán Broto, Vanessa;Ensor, Jonathan;Boyd, Emily;Allen, Charlotte;Seventine, CarlosaParticipatory Planning for Climate Compatible Development in Maputo, Mozambique bUCL Pressc2015 aEnvironmental Science uhttp://jstor.org/stable/j.ctt1g69xzm